[Event "DVM U14 2011"]
[Site "Lingen (Ems) GER"]
[Date "2011.12.28"]
[Round "3"]
[White "Malinin, Nikita"]
[Black "Nguyen, Ha Thanh"]
[Result "1/2-1/2"]
[Termination "normal"]
[Board "7.4"]
[WhiteElo "1410"]
[BlackElo "1139"]
[WhiteTeam "SK Doppelbauer Kiel"]
[BlackTeam "SV Medizin Erfurt"]
[WhiteFideId "12946214"]
[BlackFideId "12942154"]
[EventCountry "GER"]
[EventRounds "7"]
[EventType "team-swiss"]
[EventDate "2011.12.26"]

1. e4 c5 2. Nc3 Nc6 3. g3 g6 4. Bg2 Bg7 5. d3 Nf6 6. Be3 d6 7. f4 Ng4 8. Bd2
Bd4 9. Nh3 Be3 10. Qe2 Nd4 11. Qd1 O-O 12. Nd5 Bxd2+ 13. Qxd2 e6 14. Nc3 Ne3
15. Rc1 Nxg2+ 16. Qxg2 Qb6 17. Rb1 Re8 18. O-O Qc6 19. Ng5 h6 20. Nf3 Bd7 21.
Nxd4 cxd4 22. Nd1 f5 23. Re1 Rac8 24. Rc1 fxe4 25. Rxe4 e5 26. Qd2 Kg7 27. fxe5
dxe5 28. Qe2 Bh3 29. Nf2 Be6 30. Rxe5 Bxa2 31. Rxe8 Rxe8 32. Qd2 Qf3 33. Qb4
Bd5 34. Qxd4+ Kh7 35. Ne4 Rxe4 36. dxe4 Bxe4 37. Qd2 Qh1+ 38. Kf2 Qf3+ 39. Ke1
Qh1+ 40. Ke2 Qf3+ 41. Ke1 Qh1+ 42. Kf2 Qf3+ 43. Kg1 Qh1+ 44. Kf2 Qf3+ 1/2-1/2

[Event "DVM U14 2011"]
[Site "Lingen (Ems) GER"]
[Date "2011.12.28"]
[Round "3"]
[White "Petrashov, Alexander"]
[Black "Rausch, Adrian"]
[Result "1-0"]
[Termination "normal"]
[Board "8.1"]
[WhiteElo "1751"]
[BlackElo "1706"]
[WhiteTeam "SW  Nürnberg Süd"]
[BlackTeam "SV Backnang"]
[WhiteFideId "24662461"]
[BlackFideId "12929069"]
[EventCountry "GER"]
[EventRounds "7"]
[EventType "team-swiss"]
[EventDate "2011.12.26"]

1. d4 Nf6 2. c4 g6 3. Nc3 d5 4. Nf3 Bg7 5. e3 O-O 6. cxd5 Nxd5 7. Qb3 Nxc3 8.
bxc3 c5 9. Ba3 cxd4 10. exd4 Nc6 11. Bb5 Be6 12. Qa4 Bd5 13. Be2 Re8 14. O-O
Qa5 15. Qxa5 Nxa5 16. Bb5 Bc6 17. Bxc6 Nxc6 18. Rab1 b6 19. Rfe1 e5 20. d5 Na5
21. Bb4 Nc4 22. Re4 Rac8 23. d6 Red8 24. Rd1 a5 25. d7 Rc7 26. Rxc4 Rcxd7 27.
Rxd7 Rxd7 28. Rc8+ Bf8 29. Rxf8+ Kg7 30. Kf1 axb4 31. Rc8 e4 32. Ne1 bxc3 33.
Rxc3 Ra7 34. Rc2 f5 35. Rb2 b5 36. Nc2 Ra4 37. Ke2 Kf6 38. Ke3 g5 39. g3 Rc4
40. Kd2 Rc5 41. Nb4 Rc4 42. a3 Ke5 43. Rc2 Rd4+ 44. Ke2 Kd6 45. Rc6+ Kd7 46.
Rc5 f4 47. Rxg5 f3+ 48. Ke3 1-0

[Event "DVM U14 2011"]
[Site "Lingen (Ems) GER"]
[Date "2011.12.28"]
[Round "3"]
[White "Maier, Lukas"]
[Black "Meulner, Fabian"]
[Result "1/2-1/2"]
[Termination "normal"]
[Board "8.2"]
[WhiteElo "1503"]
[BlackElo "1812"]
[WhiteTeam "SV Backnang"]
[BlackTeam "SW  Nürnberg Süd"]
[WhiteFideId "12946184"]
[BlackFideId "12913936"]
[EventCountry "GER"]
[EventRounds "7"]
[EventType "team-swiss"]
[EventDate "2011.12.26"]

1. d4 Nf6 2. c4 e6 3. Nc3 Bb4 4. Bg5 c5 5. d5 Qa5 6. Bxf6 gxf6 7. Qb3 d6 8. a3
a6 9. Rb1 Bxc3+ 10. Qxc3 Qxc3+ 11. bxc3 e5 12. Nf3 Ke7 13. e3 Rg8 14. g3 Ra7
15. Nd2 Nd7 16. Bh3 Nb6 17. Bxc8 Nxc8 18. Ke2 b6 19. Rhe1 Rb7 20. f4 h5 21. Kf3
f5 22. fxe5 dxe5 23. e4 fxe4+ 24. Nxe4 Nd6 25. Nxd6 Kxd6 26. Re4 f5 27. Rh4 Rg5
28. h3 b5 29. cxb5 axb5 30. a4 Rbg7 31. axb5 Rxg3+ 32. Ke2 Rxc3 33. b6 Rb7 34.
Rxh5 f4 35. h4 Kxd5 36. Rg5 Re3+ 37. Kf2 Re4 38. h5 Rb4 39. Rd1+ Ke6 40. Re1
Rb2+ 41. Kf1 R7xb6 42. Rexe5+ Kd6 43. Rxc5 Rh2 44. Kg1 Ra2 45. Rc1 Rbb2 46. Rf5
1/2-1/2

[Event "DVM U14 2011"]
[Site "Lingen (Ems) GER"]
[Date "2011.12.28"]
[Round "3"]
[White "Krasotin, Valentin"]
[Black "Soos, Philipp"]
[Result "1-0"]
[Termination "normal"]
[Board "8.3"]
[WhiteElo "1624"]
[BlackElo "1561"]
[WhiteTeam "SW  Nürnberg Süd"]
[BlackTeam "SV Backnang"]
[WhiteFideId "12913928"]
[BlackFideId "12943967"]
[EventCountry "GER"]
[EventRounds "7"]
[EventType "team-swiss"]
[EventDate "2011.12.26"]

1. e4 e5 2. Nf3 Nc6 3. Bc4 Nf6 4. d4 exd4 5. O-O d6 6. Bb5 Bg4 7. Re1 Nd7 8. e5
Be7 9. exd6 cxd6 10. Bxc6 bxc6 11. Qxd4 Bxf3 12. Qxg7 Rf8 13. gxf3 Ne5 14. Qg2
Qd7 15. Nc3 Qf5 16. f4 Kd7 17. Ne2 Ng6 18. Nd4 Qc5 19. Be3 Rg8 20. Qh3+ Kd8 21.
Ne6+ fxe6 22. Bxc5 Nxf4+ 23. Qg3 Rxg3+ 24. fxg3 Nd5 25. Bf2 Kd7 26. a3 a6 27.
Rad1 Bf6 28. Bd4 e5 29. Bf2 Rb8 30. b3 Nc3 31. Rd3 e4 32. Rd2 Nb5 33. Rxe4 Nxa3
34. Bc5 Nb5 35. c4 Bc3 36. Rd3 d5 37. Re7+ Kd8 38. Rf3 Bd4+ 39. Bxd4 Kxe7 40.
cxb5 Rxb5 41. Rc3 Kd6 42. b4 a5 43. Bc5+ Kd7 44. bxa5 Rxa5 45. h4 Ra4 46. Kf2
Ke6 47. Re3+ Re4 48. Rxe4+ dxe4 49. g4 Kd5 50. Ba7 c5 51. Ke3 c4 52. Bd4 Ke6
53. Kxe4 Kf7 54. Bc3 Kg6 55. Kd4 h6 56. Kxc4 Kh7 57. Kd5 Kg6 58. Ke6 Kh7 59.
Kf6 h5 60. g5 Kg8 61. Kg6 Kf8 62. Kh7 Kf7 63. g6+ Ke6 64. g7 Kf5 65. g8=Q Kf4
66. Qe6 Kf3 67. Bd2 Kg2 68. Qf5 Kh1 69. Qh3+ Kg1 70. Be3# 1-0

[Event "DVM U14 2011"]
[Site "Lingen (Ems) GER"]
[Date "2011.12.28"]
[Round "3"]
[White "Zouani, Samir"]
[Black "Siegl, Adrian"]
[Result "0-1"]
[Termination "normal"]
[Board "8.4"]
[WhiteElo "1360"]
[BlackElo "1725"]
[WhiteTeam "SV Backnang"]
[BlackTeam "SW  Nürnberg Süd"]
[WhiteFideId "12946206"]
[BlackFideId "12930156"]
[EventCountry "GER"]
[EventRounds "7"]
[EventType "team-swiss"]
[EventDate "2011.12.26"]

1. e4 c5 2. Nf3 Nc6 3. Nc3 e6 4. d3 d5 5. Bf4 Nf6 6. Nb5 Qa5+ 7. Nc3 d4 8. Bd2
dxc3 9. Bxc3 Qd8 10. e5 Nd5 11. Qd2 Be7 12. Be2 O-O 13. O-O Nxc3 14. Qxc3 Nd4
15. Nxd4 Qxd4 16. Qxd4 cxd4 17. c3 dxc3 18. bxc3 Bd7 19. Rab1 Bc6 20. Rb3 b6
21. d4 Rac8 22. c4 Rfd8 23. Rd3 Ba4 24. Rd2 Bb4 25. Rb2 Bc3 26. Rbb1 Rxd4 27.
Bd1 Bxd1 28. Rfxd1 Rxd1+ 29. Rxd1 Bxe5 30. Rd7 a5 31. a4 h6 32. g3 Rxc4 33. Rb7
Bd4 34. Rd7 Rxa4 35. Rb7 Ra1+ 36. Kg2 Ra2 37. Rb8+ Kh7 38. Rc8 Rxf2+ 39. Kh3
Bc5 40. Ra8 Ra2 41. g4 a4 42. Kg3 a3 43. h4 Ra1 44. h5 a2 45. Kf3 Rf1+ 46. Ke2
a1=Q 47. Rxa1 Rxa1 48. Kd3 Rg1 49. g5 Rxg5 50. Kc4 Rd5 51. Kb5 f5 52. Ka4 f4
53. Kb5 f3 54. Kc6 f2 55. Kb5 f1=Q+ 56. Kc6 Rd6+ 57. Kc7 Qf7+ 58. Kc8 Qe7 59.
Kb8 Rd8# 0-1

[Event "DVM U14 2011"]
[Site "Lingen (Ems) GER"]
[Date "2011.12.28"]
[Round "3"]
[White "Schissler, Cornelius"]
[Black "Müller, Max"]
[Result "1/2-1/2"]
[Termination "normal"]
[Board "9.1"]
[WhiteElo "1410"]
[BlackElo "1644"]
[WhiteTeam "SC Widdern"]
[BlackTeam "SC Caissa Schwarzenbach"]
[WhiteFideId "12946290"]
[BlackFideId "12900486"]
[EventCountry "GER"]
[EventRounds "7"]
[EventType "team-swiss"]
[EventDate "2011.12.26"]

1. e4 e6 2. d4 d5 3. exd5 exd5 4. c4 Nf6 5. Bg5 Be7 6. Nc3 dxc4 7. Bxc4 O-O 8.
Nge2 b6 9. O-O Bb7 10. Qc2 Nbd7 11. Rad1 Bd6 12. Kh1 Qc8 13. a3 Nb8 14. f3
1/2-1/2

[Event "DVM U14 2011"]
[Site "Lingen (Ems) GER"]
[Date "2011.12.28"]
[Round "3"]
[White "Backens, Johannes"]
[Black "Dirks, Alexander"]
[Result "0-1"]
[Termination "normal"]
[Board "9.2"]
[WhiteElo "1235"]
[BlackElo "1372"]
[WhiteTeam "SC Caissa Schwarzenbach"]
[BlackTeam "SC Widdern"]
[WhiteFideId "12946389"]
[BlackFideId "12946303"]
[EventCountry "GER"]
[EventRounds "7"]
[EventType "team-swiss"]
[EventDate "2011.12.26"]

1. e4 {[%emt 0:00:00]} e5 2. Nf3 Nc6 3. Bb5 a6 4. Ba4 b5 5. Bb3 Nf6 6. O-O Be7
7. Re1 O-O 8. d3 Re8 9. c3 h6 10. Nbd2 Bb7 11. Nf1 d6 12. Ng3 Qd7 13. Bd2 Rad8
14. Qc1 Bf8 15. d4 exd4 16. cxd4 Ne7 17. Qc3 Ng6 18. Bc2 Qc6 19. Rac1 Qxc3 20.
Bxc3 c6 21. Bd3 c5 22. dxc5 dxc5 23. Bb1 Be7 24. Bxf6 Bxf6 25. Rxc5 Bxb2 26.
Rc7 Bc8 27. Bc2 Ne5 28. Nxe5 Bxe5 29. Ra7 Bxg3 30. hxg3 Rd7 31. Rxd7 Bxd7 32.
Rd1 Be6 33. f3 Rc8 34. Bb3 Bxb3 35. axb3 Kf8 36. Ra1 Ra8 37. b4 Ke7 38. Kf2 Kd6
39. Ke3 Kc6 40. Kd3 Rd8+ 41. Kc3 Kb6 42. Ra2 Rd6 43. Ra3 Rc6+ 44. Kb3 g6 45.
Ra1 h5 46. Ra2 Re6 47. Ra1 f5 48. Re1 fxe4 49. fxe4 Kc6 50. Ra1 Kd7 51. Rd1+
Ke7 52. Rd4 Kf6 53. Kc3 Kg5 54. Kd3 Kg4 55. e5+ Kf5 56. Rd6 Kxe5 57. Rxe6+ Kxe6
58. Ke4 Kd6 59. Kd4 g5 60. Ke4 Ke6 61. g4 hxg4 62. g3 Kf6 63. Kd5 Kf5 64. Kd4
Ke6 65. Ke4 Kd6 66. Kf5 Kd5 67. Kxg4 Kc4 68. Kxg5 Kxb4 69. Kh6 a5 70. g4 a4 71.
g5 a3 72. g6 a2 73. g7 0-1

[Event "DVM U14 2011"]
[Site "Lingen (Ems) GER"]
[Date "2011.12.28"]
[Round "3"]
[White "Weinmeister, Nico"]
[Black "Zimmermeier, Gregor"]
[Result "1-0"]
[Termination "normal"]
[Board "9.3"]
[WhiteElo "1380"]
[BlackElo "877"]
[WhiteTeam "SC Widdern"]
[BlackTeam "SC Caissa Schwarzenbach"]
[WhiteFideId "12946311"]
[EventCountry "GER"]
[EventRounds "7"]
[EventType "team-swiss"]
[EventDate "2011.12.26"]

1. e4 {[%emt 0:00:00]} g6 {[%emt 0:00:00]} 2. d4 {[%emt 0:00:00]} Bg7 {[%emt 0:
00:06]} 3. Nf3 {[%emt 0:00:00]} d6 {[%emt 0:00:10]} 4. Bf4 {[%emt 0:00:00]} Nf6
5. Nc3 Nbd7 6. Qd2 h6 7. Be2 a6 8. O-O-O b5 9. h3 Bb7 10. e5 Nd5 11. Nxd5 Bxd5
12. Rhe1 Qb8 13. exd6 cxd6 14. Qe3 e6 15. g4 g5 16. Bg3 Ke7 17. h4 f6 18. Nd2
a5 19. f4 Rg8 20. hxg5 a4 21. Bf3 Bxa2 22. Bxa8 Qxa8 23. f5 e5 24. gxf6+ Bxf6
25. dxe5 Nxe5 26. Bxe5 Bxe5 27. Nf3 Qc6 28. Nxe5 dxe5 29. Qxe5+ Kf7 30. Qe7#
1-0

[Event "DVM U14 2011"]
[Site "Lingen (Ems) GER"]
[Date "2011.12.28"]
[Round "3"]
[White "Dechant, Joel Julian"]
[Black "Hoffmann, Jens"]
[Result "0-1"]
[Termination "normal"]
[Board "9.4"]
[WhiteElo "836"]
[BlackElo "1375"]
[WhiteTeam "SC Caissa Schwarzenbach"]
[BlackTeam "SC Widdern"]
[BlackFideId "12946320"]
[EventCountry "GER"]
[EventRounds "7"]
[EventType "team-swiss"]
[EventDate "2011.12.26"]

1. e4 {[%emt 0:00:00]} e5 {[%emt 0:00:00]} 2. d3 Nf6 3. Nf3 Nc6 4. Nc3 Bc5 5.
Be2 d6 6. Bg5 h6 7. Bxf6 Qxf6 8. Nd5 Qd8 9. Qd2 Be6 10. Ne3 Qd7 11. c3 O-O-O
12. d4 exd4 13. Nxd4 d5 14. O-O-O dxe4 15. Nxc6 Qxc6 16. Qc2 f5 17. Rxd8+ Rxd8
18. Rd1 Rxd1+ 19. Qxd1 Bxe3+ 20. fxe3 Qc5 21. Qd2 Bxa2 22. g4 Be6 23. Qd1 Qxe3+
24. Kc2 Qb6 25. b4 f4 26. Qf1 f3 27. Bc4 Bxg4 28. Qe1 e3 29. Qh4 Qg6+ 30. Kb2
Kd7 31. Bb5+ c6 32. h3 cxb5 33. hxg4 f2 34. Qh3 Qe6 35. Qf3 Kc7 36. Qf4+ Qd6
37. Qxe3 f1=Q 38. Qxa7 Qd2+ 39. Kb3 Qb1+ 40. Ka3 Qda2# 0-1

[Event "DVM U14 2011"]
[Site "Lingen (Ems) GER"]
[Date "2011.12.28"]
[Round "3"]
[White "Bykov, Ilya"]
[Black "Kardoeus, David"]
[Result "1/2-1/2"]
[Termination "normal"]
[Board "10.1"]
[WhiteElo "1720"]
[BlackElo "1757"]
[WhiteTeam "Karlsruher SF 1853"]
[BlackTeam "SV Werder Bremen"]
[WhiteFideId "12918059"]
[BlackFideId "12912050"]
[EventCountry "GER"]
[EventRounds "7"]
[EventType "team-swiss"]
[EventDate "2011.12.26"]

1. e4 e6 2. d4 d5 3. e5 c5 4. c3 Bd7 5. Nf3 a6 6. a3 Bb5 7. Be2 Bxe2 8. Qxe2
Nc6 9. b4 cxd4 10. cxd4 Nge7 11. Bb2 Qb6 12. O-O Qb5 13. Qd2 Na7 14. Nc3 Qd7
15. Qd3 Nec8 16. Rfc1 Nb6 17. Nd2 Be7 18. Rc2 O-O 19. g3 Rac8 20. Rac1 Nc4 21.
Nd1 b5 22. Nb3 f6 23. Ne3 fxe5 24. dxe5 Rf3 25. Qd1 Rcf8 26. Nxc4 bxc4 27. Rxc4
Nb5 28. Rc8 Rxf2 29. Rxf8+ Rxf8 30. Nd4 Bg5 31. Ra1 Be3+ 32. Kh1 Rf2 33. Qd3
Bxd4 34. Bxd4 Nxd4 35. Qxd4 Qf7 36. Kg1 Rc2 37. Rf1 Qh5 38. h4 Qe2 39. Rf2 Qe1+
40. Kg2 Rxf2+ 41. Qxf2 Qxe5 42. Qc5 Qe2+ 43. Kh3 Qc4 44. Qd6 Qc8 45. Kh2 h6 46.
h5 Kf7 47. Qf4+ Ke7 48. Qh4+ Kd7 49. Qd4 Qc2+ 50. Kg1 Qb1+ 51. Kh2 Qc2+ 52. Kg1
Qc1+ 53. Kh2 Kd6 54. Qb6+ Qc6 55. Qb8+ Ke7 56. Qa7+ Kf6 57. Qf2+ Kg5 58. Qf4+
Kxh5 59. Qf7+ Kg4 60. Qg6+ Kf3 61. Qd3+ Kf2 62. Qd2+ Kf3 63. Qd3+ 1/2-1/2

[Event "DVM U14 2011"]
[Site "Lingen (Ems) GER"]
[Date "2011.12.28"]
[Round "3"]
[White "Aslan, Dersim"]
[Black "Weinmann, Balduin"]
[Result "1-0"]
[Termination "normal"]
[Board "10.2"]
[WhiteElo "1601"]
[BlackElo "1116"]
[WhiteTeam "SV Werder Bremen"]
[BlackTeam "Karlsruher SF 1853"]
[WhiteFideId "24692271"]
[EventCountry "GER"]
[EventRounds "7"]
[EventType "team-swiss"]
[EventDate "2011.12.26"]

1. b3 e5 2. Bb2 Nc6 3. e3 Bc5 4. Nf3 d6 5. c4 f6 6. Nc3 Nge7 7. Bd3 Be6 8. Rc1
Qd7 9. Bb1 Bf5 10. Ne4 Bb6 11. d3 Ba5+ 12. Bc3 Bxc3+ 13. Nxc3 O-O-O 14. Ke2 Bg4
15. Qd2 Rhe8 16. Rhe1 Bxf3+ 17. gxf3 Qh3 18. Nd5 h6 19. b4 Nxd5 20. cxd5 Ne7
21. e4 f5 22. Qc3 Rd7 23. Rg1 g5 24. Bc2 b5 25. a4 a6 26. axb5 axb5 27. Ra1 Kb7
28. Qa3 c6 29. Qa7+ Kc8 30. Qa8+ Kc7 31. Qxe8 1-0

[Event "DVM U14 2011"]
[Site "Lingen (Ems) GER"]
[Date "2011.12.28"]
[Round "3"]
[White "Ospina Ocampo, Antonio"]
[Black "Lai Hop, Long"]
[Result "1-0"]
[Termination "normal"]
[Board "10.3"]
[WhiteElo "934"]
[BlackElo "1079"]
[WhiteTeam "Karlsruher SF 1853"]
[BlackTeam "SV Werder Bremen"]
[WhiteFideId "12946362"]
[BlackFideId "12942707"]
[EventCountry "GER"]
[EventRounds "7"]
[EventType "team-swiss"]
[EventDate "2011.12.26"]

1. e4 c5 2. Nf3 Nc6 3. d4 cxd4 4. Nxd4 Nf6 5. Nc3 d6 6. Be2 e6 7. Bg5 Be7 8.
Nf3 a6 9. O-O O-O 10. Re1 Qc7 11. Bd3 h6 12. Bh4 Rd8 13. Bc4 b5 14. Bb3 Bb7 15.
a3 Rd7 16. Qe2 Rad8 17. e5 dxe5 18. Nxe5 Nxe5 19. Qxe5 Qxe5 20. Rxe5 Nd5 21.
Bxd5 Bxd5 22. Bxe7 Rxe7 23. f3 f6 24. Nxd5 Rxd5 25. Rxd5 exd5 26. Kf2 d4 27.
Rd1 Rc7 28. Rd2 Rc4 29. Ke2 a5 30. b3 Rc3 31. Kd1 a4 32. Rd3 Rxd3+ 33. cxd3
axb3 34. Kc1 Kf7 35. Kb2 Ke6 36. Kxb3 Kd6 37. Kb4 Kc6 38. g4 g5 39. a4 bxa4 40.
Kxa4 Kc5 41. Ka5 Kc6 42. Kb4 Kd5 43. Kb5 Ke5 44. Kc4 Kf4 45. Kxd4 Kxf3 46. h3
Kg3 47. Ke3 Kxh3 48. Kf3 h5 49. gxh5 g4+ 50. Kf4 g3 51. h6 g2 52. h7 1-0

[Event "DVM U14 2011"]
[Site "Lingen (Ems) GER"]
[Date "2011.12.28"]
[Round "3"]
[White "Bitsch, Sebastian"]
[Black "Sirbu, Nikita"]
[Result "1-0"]
[Termination "normal"]
[Board "10.4"]
[WhiteElo "919"]
[BlackElo "805"]
[WhiteTeam "SV Werder Bremen"]
[BlackTeam "Karlsruher SF 1853"]
[BlackFideId "12946370"]
[EventCountry "GER"]
[EventRounds "7"]
[EventType "team-swiss"]
[EventDate "2011.12.26"]

1. d4 d5 2. c4 e6 3. Nf3 Nf6 4. Nc3 Bb4 5. cxd5 Bxc3+ 6. bxc3 exd5 7. Ba3 Nc6
8. e3 Bg4 9. c4 Qd7 10. cxd5 Nxd5 11. Bc4 Nf6 12. h3 Be6 13. Bxe6 Qxe6 14. O-O
O-O-O 15. Qb3 Qxb3 16. axb3 Na5 17. Be7 Rd5 18. Bc5 Nc6 19. Bxa7 Nxa7 20. Rxa7
Kb8 21. Rfa1 Kc8 22. Ra8+ Kd7 23. Rxh8 Rb5 24. Rb1 Kd6 25. Rd8+ Ke7 26. Ra8 Ne4
27. Ne5 f6 28. Nd3 Nc3 29. Rb2 Nd1 30. Rc2 Kd6 31. Rc8 Rxb3 32. Nc5 Rb1 33. Kh2
b6 34. Nb7+ Kd5 35. R8xc7 b5 36. Re7 Nc3 37. Rxc3 Rh1+ 38. Kxh1 b4 39. Rc5# 1-0

[Event "DVM U14 2011"]
[Site "Lingen (Ems) GER"]
[Date "2011.12.28"]
[Round "4"]
[White "Koop, Thorben"]
[Black "Glatzel, Jonas"]
[Result "1-0"]
[Termination "normal"]
[Board "1.1"]
[WhiteElo "2099"]
[BlackElo "1937"]
[WhiteTeam "SV Lingen 1959"]
[BlackTeam "SK Kspr. Iserlohn 1934"]
[WhiteFideId "24661619"]
[BlackFideId "12937800"]
[EventCountry "GER"]
[EventRounds "7"]
[EventType "team-swiss"]
[EventDate "2011.12.26"]

1. Nf3 Nf6 2. g3 g6 3. Bg2 Bg7 4. O-O O-O 5. d4 d6 6. a4 Nbd7 7. a5 a6 8. Nbd2
c5 9. c3 Rb8 10. Nc4 Qc7 11. Qb3 cxd4 12. Nxd4 b5 13. axb6 Nxb6 14. Na5 Nbd7
15. Qa3 Nc5 16. Ndc6 Rb5 17. c4 Rb6 18. Be3 Ne8 19. b4 Bxa1 20. Qxa1 Rxc6 21.
Nxc6 Ne6 22. b5 Bb7 23. b6 Qd7 24. Nb8 Qc8 25. Bxb7 Qxb7 26. Nxa6 Nf6 27. Nb4
Ra8 28. Qb2 Rc8 29. Ra1 Nc5 30. Nd3 Nfd7 31. Bxc5 dxc5 32. Ra7 Qc6 33. b7 Rb8
34. Ne5 Nxe5 35. Qxe5 Qe8 36. Qxb8 1-0

[Event "DVM U14 2011"]
[Site "Lingen (Ems) GER"]
[Date "2011.12.28"]
[Round "4"]
[White "Dröttboom, Tobias"]
[Black "Oehne, Timo"]
[Result "1/2-1/2"]
[Termination "normal"]
[Board "1.2"]
[WhiteElo "1460"]
[BlackElo "1809"]
[WhiteTeam "SK Kspr. Iserlohn 1934"]
[BlackTeam "SV Lingen 1959"]
[WhiteFideId "12946133"]
[BlackFideId "24661635"]
[EventCountry "GER"]
[EventRounds "7"]
[EventType "team-swiss"]
[EventDate "2011.12.26"]

1. d4 d5 2. Nf3 Nf6 3. Bf4 e6 4. e3 Bd6 5. Bg3 Nc6 6. c3 O-O 7. Bd3 Re8 8. Ne5
Qe7 9. Nd2 Nd7 10. Ndf3 f6 11. Nxd7 Bxd7 12. Be2 Qf7 13. O-O Bxg3 14. hxg3 e5
15. Qc2 e4 16. Nd2 Ne7 17. c4 c6 18. Rac1 Rec8 19. Qb3 b6 20. cxd5 cxd5 21. Ba6
Rxc1 22. Rxc1 Qe6 23. a3 Kf8 24. Nb1 Bc8 25. Bxc8 Rxc8 26. Rxc8+ Qxc8 27. Nc3
Qc6 28. Qb5 Qb7 29. Qb3 Ke8 30. a4 Kd7 31. a5 Qc6 32. axb6 axb6 33. Qb5 Qxb5
34. Nxb5 Nc6 35. Nc3 Nb4 36. f3 f5 37. Kf1 Kc6 38. b3 Nd3 39. Na2 g5 40. Ke2 h5
41. f4 g4 42. Kf1 Kb5 43. Nc3+ Ka6 44. Nxd5 Nc1 45. b4 Kb5 46. Ke1 Nd3+ 47. Kd2
Nxb4 48. Nxb4 Kxb4 49. Kc2 Kc4 1/2-1/2

[Event "DVM U14 2011"]
[Site "Lingen (Ems) GER"]
[Date "2011.12.28"]
[Round "4"]
[White "Bach, Jannik"]
[Black "von Bargen, Lukas"]
[Result "1-0"]
[Termination "normal"]
[Board "1.3"]
[WhiteElo "1832"]
[BlackElo "1407"]
[WhiteTeam "SV Lingen 1959"]
[BlackTeam "SK Kspr. Iserlohn 1934"]
[WhiteFideId "24615900"]
[BlackFideId "12946141"]
[EventCountry "GER"]
[EventRounds "7"]
[EventType "team-swiss"]
[EventDate "2011.12.26"]

1. e4 c5 2. Nf3 d6 3. d4 cxd4 4. Nxd4 Nf6 5. Nc3 g6 6. Bc4 Bg7 7. Bb3 Nc6 8.
O-O O-O 9. Nf3 Nd7 10. Bg5 h6 11. Bh4 g5 12. Bg3 Nde5 13. Nxe5 Nxe5 14. Qd2 Kh7
15. Rae1 f5 16. f4 gxf4 17. Bxf4 Qe8 18. Nd5 fxe4 19. Nc7 Qg6 20. Bxe5 Rxf1+
21. Rxf1 Bxe5 22. Rf7+ Kh8 23. Rf8+ Kh7 24. Nxa8 Bh3 25. Rg8 Qf6 26. c3 e6 27.
Rg3 Bxg3 28. hxg3 Bg4 29. Qf4 Qxf4 30. gxf4 e3 31. Nc7 e5 32. fxe5 dxe5 33. Nd5
e2 34. Kf2 Kg6 35. Ne3 Kg5 36. Nxg4 Kxg4 37. Kxe2 1-0

[Event "DVM U14 2011"]
[Site "Lingen (Ems) GER"]
[Date "2011.12.28"]
[Round "4"]
[White "Dannenberg, Thomas"]
[Black "Vonhoff, Nils"]
[Result "0-1"]
[Termination "normal"]
[Board "1.4"]
[WhiteElo "1427"]
[BlackElo "1787"]
[WhiteTeam "SK Kspr. Iserlohn 1934"]
[BlackTeam "SV Lingen 1959"]
[BlackFideId "24692301"]
[EventCountry "GER"]
[EventRounds "7"]
[EventType "team-swiss"]
[EventDate "2011.12.26"]

1. e4 c5 2. Nc3 Nc6 3. f4 e6 4. Nf3 a6 5. d3 d5 6. g3 Nf6 7. Bg2 b5 8. a4 b4 9.
Nb1 dxe4 10. dxe4 Qb6 11. Nbd2 Bb7 12. Qe2 Na5 13. Qe3 Qc7 14. O-O c4 15. Kh1
c3 16. bxc3 bxc3 17. Nb3 Nxb3 18. cxb3 Bxe4 19. Re1 Ng4 20. Qe2 Bd3 21. Qa2 Bc5
22. h3 h5 23. hxg4 hxg4+ 24. Nh2 Rd8 25. Be3 c2 26. Rac1 Bb4 27. Rg1 Ke7 28.
Qb2 Rxh2+ 29. Kxh2 Rh8+ 30. Bh3 Rxh3+ 31. Kg2 Qc6+ 0-1

[Event "DVM U14 2011"]
[Site "Lingen (Ems) GER"]
[Date "2011.12.28"]
[Round "4"]
[White "Flüchter, Gregor"]
[Black "Kramer, Julian"]
[Result "1-0"]
[Termination "normal"]
[Board "2.1"]
[WhiteElo "1916"]
[BlackElo "2047"]
[WhiteTeam "SF Brackel 30"]
[BlackTeam "Hamburger SK von 1830"]
[WhiteFideId "12903396"]
[BlackFideId "12921742"]
[EventCountry "GER"]
[EventRounds "7"]
[EventType "team-swiss"]
[EventDate "2011.12.26"]

1. e4 c5 2. Nf3 d6 3. d4 cxd4 4. Nxd4 Nf6 5. Nc3 a6 6. Bc4 e6 7. O-O b5 8. Bb3
Be7 9. Qf3 Qb6 10. Be3 Qb7 11. Qg3 b4 12. Na4 Nbd7 13. f3 O-O 14. Kh1 Nc5 15.
Nxc5 dxc5 16. Ne2 Kh8 17. Bg5 Bd7 18. c4 bxc3 19. bxc3 Rac8 20. Bc2 Nh5 21. Qh4
Bxg5 22. Qxg5 g6 23. f4 f5 24. Rab1 Qc7 25. Rf3 Bc6 26. Re3 Rce8 27. e5 Rg8 28.
Rg1 Qd8 29. Qxd8 Rxd8 30. Bb3 Ng7 31. Nc1 Rd2 32. Rd3 Rd8 33. Rxd8+ Rxd8 34.
Rd1 Rxd1+ 35. Bxd1 c4 36. Kg1 Kg8 37. Kf2 Kf7 38. Bf3 Bb5 39. Ke3 Ke7 40. Kd4
Kd7 41. Kc5 Ne8 42. Ne2 Nc7 43. Nd4 Kc8 44. Nxb5 Nxb5 45. Kxc4 Kc7 46. a4 Na3+
47. Kd3 Kb6 48. Bd1 Kc5 49. Bb3 Nb1 50. Bxe6 h6 51. Kc2 Na3+ 52. Kb2 Nc4+ 53.
Bxc4 Kxc4 54. e6 1-0

[Event "DVM U14 2011"]
[Site "Lingen (Ems) GER"]
[Date "2011.12.28"]
[Round "4"]
[White "Hinrichs, Lars"]
[Black "Birnkraut, Tim"]
[Result "1/2-1/2"]
[Termination "normal"]
[Board "2.2"]
[WhiteElo "1900"]
[BlackElo "1729"]
[WhiteTeam "Hamburger SK von 1830"]
[BlackTeam "SF Brackel 30"]
[WhiteFideId "12921769"]
[BlackFideId "24609587"]
[EventCountry "GER"]
[EventRounds "7"]
[EventType "team-swiss"]
[EventDate "2011.12.26"]

1. e4 e5 2. Nf3 Nc6 3. Bc4 Bc5 4. O-O d6 5. d3 Nf6 6. Be3 Bb6 7. c3 Be6 8. Bb3
O-O 9. Nbd2 d5 10. Bxb6 axb6 11. exd5 Bxd5 12. Re1 Re8 13. a3 Bxb3 14. Nxb3 Qd7
15. Qc2 Rad8 16. Rad1 Qf5 17. Nc1 Nh5 18. Ne2 Nf4 19. Nxf4 Qxf4 20. Re4 Qf5 21.
Rde1 f6 22. d4 Kh8 23. Qe2 Qe6 24. dxe5 Nxe5 25. Nd4 Qd7 26. f4 c5 27. Nb3 Qd5
28. Nc1 Qxe4 29. Qxe4 Nf3+ 30. gxf3 Rxe4 31. fxe4 Rd2 32. e5 fxe5 33. fxe5 Kg8
34. e6 Kf8 35. e7+ Ke8 36. b4 c4 37. a4 g6 38. Ne2 Kxe7 39. Ng3+ Kd7 40. Re4
Ra2 41. Rxc4 Rxa4 42. Ne4 h6 43. Kg2 Ra2+ 44. Kg3 Re2 45. Nf6+ Ke6 46. Re4+
Rxe4 47. Nxe4 Ke5 48. Kf3 g5 49. Nd2 b5 50. Ne4 b6 51. Nd2 h5 52. Ke3 g4 53. c4
h4 54. c5 bxc5 55. bxc5 b4 56. Nb3 Kf5 57. Nd4+ Ke5 58. Nb3 Kf5 59. Nd4+
1/2-1/2

[Event "DVM U14 2011"]
[Site "Lingen (Ems) GER"]
[Date "2011.12.28"]
[Round "4"]
[White "Golosnyak, Alexander"]
[Black "Sander, Jean Louis"]
[Result "1/2-1/2"]
[Termination "normal"]
[Board "2.3"]
[WhiteElo "1781"]
[BlackElo "1816"]
[WhiteTeam "SF Brackel 30"]
[BlackTeam "Hamburger SK von 1830"]
[WhiteFideId "24659703"]
[BlackFideId "12903280"]
[EventCountry "GER"]
[EventRounds "7"]
[EventType "team-swiss"]
[EventDate "2011.12.26"]

1. e4 c5 2. Nf3 d6 3. d4 cxd4 4. Nxd4 Nf6 5. Nc3 a6 6. f3 e5 7. Nb3 Be6 8. Be3
Be7 9. Qd2 Nbd7 10. g4 O-O 11. h4 b5 12. h5 b4 13. Na4 Ne8 14. g5 Nc7 15. Rg1
d5 16. exd5 Nxd5 17. Bd3 Nxe3 18. Qxe3 Qc7 19. O-O-O Qc6 20. Qe4 Qxe4 21. Bxe4
Ra7 22. Bc6 Rc7 23. Bxd7 Bxd7 24. Nb6 Bf5 25. Rg2 Rb7 26. Nd5 Bd8 27. Nc5 Ra7
28. Nxb4 a5 29. Nc6 Rc7 30. Nxd8 Rxc5 31. Nb7 Rc7 32. Nxa5 Ra7 33. b4 Be6 34.
a3 Rc7 35. Rgd2 Rc3 36. Rd3 Rcc8 37. R1d2 f6 38. gxf6 gxf6 39. Rd6 Bf7 40. Rxf6
Bxh5 41. Rxf8+ Rxf8 42. Rd3 Bxf3 43. c4 h5 44. c5 h4 45. Rd2 h3 46. Rh2 Bg2 47.
Kd2 Rc8 48. c6 Rb8 49. b5 Rxb5 50. Nc4 Bf1 51. Ne3 Rb2+ 52. Nc2 Rb6 53. c7 Rc6
54. Ne3 Bg2 55. Nxg2 hxg2 56. Rxg2+ Kf7 57. Ke3 Rxc7 58. Ke4 Rc5 59. Rb2 Ra5
60. Rb6 Ke7 61. a4 Kd7 1/2-1/2